L' Afrique, la Gaule, la religion à l' époque romain: mélanges à la mémoire de Marcel Le Glay
Saved in:
| Main Authors: | , |
|---|---|
| Format: | Bog |
| Sprog: | fransk |
| Udgivet: |
Bruselas
Latomus
1994
|
| Serier: | Collection Latomus, 226
|
| Fag: | |
| Tags: |
Tilføj Tag
Ingen Tags, Vær først til at tagge denne postø!
|
MARC
| LEADER | 00000nam a2200000 a 4500 | ||
|---|---|---|---|
| 001 | UCI0993 | ||
| 003 | CL-VaPUC | ||
| 005 | 20241025112424.0 | ||
| 008 | 070608e19940000BE |||||||||||||||||fre|d | ||
| 999 | |c 325943 |d 325941 | ||
| 020 | |a 2870311664 | ||
| 040 | |c Pontificia Universidad Católica de Valparaíso | ||
| 082 | 0 | 4 | |a 930.4 |b GLA |2 21 |
| 100 | |a Le Glay, Marcel |e author |9 521280 | ||
| 245 | 1 | 0 | |a L' Afrique, la Gaule, la religion à l' époque romain: mélanges à la mémoire de Marcel Le Glay |
| 260 | |a Bruselas |b Latomus |c 1994 | ||
| 300 | |a 869 p | ||
| 490 | 0 | |a Collection Latomus, 226 | |
| 583 | |a last modification |c 20140406 06:00:56 |k Rodrigo Vera | ||
| 600 | |a Le Glay, Marcel |d 1920-1992 |9 860228 | ||
| 650 | 0 | |a Arqueología |9 265619 | |
| 650 | 7 | |a EXCAVACION |2 CL-VaPUC |9 521283 | |
| 650 | 7 | |a RELIGION ROMANA |2 CL-VaPUC |9 521284 | |
| 650 | 7 | |a EPOCA ROMANA |2 CL-VaPUC |9 521285 | |
| 651 | 0 | |a Roma |9 255106 | |
| 651 | 0 | |a África |9 256790 | |
| 700 | |a Le Bohec, Yann |e author |9 521281 | ||
| 852 | |a BIBCUR | ||
| 942 | |c BK |2 ddc | ||
| 945 | |d 20070608 00:00:00 |a jtorresc | ||
| 952 | |0 0 |1 0 |4 0 |6 930_400000000000000_GLA_1994 |7 0 |8 A |9 407468 |a BIBHIS |b BIBHIS |d 2019-11-22 |i 4229274 |o 930.4 GLA 1994 |p 4229274 |r 2025-01-20 |w 2019-11-22 |y BK |k HIS | ||